Creación de aplicaciones multimedia con visual basic : desarrollo desde cero de un proyecto completo /

Guardado en:
Autor Principal: Birnios, Baltazar B.
Otros Autores: Birnios, Mariano
Formato: Libro
Publicado: Buenos Aires : Mp
Series:Pc users; No. 8
Materias:
Etiquetas: Agregar Etiqueta
Sin Etiquetas, Sea el primero en etiquetar este registro!
LEADER 00720nam a22002175a 4500
001 CEM.cems012690
005 20070831184816.0
008 130507b######################000#0#####d
003 CEMS
020 |a 9879131851 
082 0 4 |a 001.642 
100 1 |a Birnios, Baltazar B. 
245 1 0 |a Creación de aplicaciones multimedia con visual basic :  |b desarrollo desde cero de un proyecto completo /  |c Baltazar B. Birnios, Mariano N. Birnios 
260 |a Buenos Aires :  |b Mp 
300 |a 309 p. 
490 0 |a Pc users; No. 8 
500 |a Con guías prácticas visuales 
653 |a Informática 
653 |a Visual basic-aplicaciones 
700 1 |a Birnios, Mariano 
859 |a CEMS  |b BIB. CEMS - 11 de abril  |h 001.642  |i B538  |p 24021.07  |t Ej.1